Pharmaceutical chemistry 1st for 1st year (Record no. 8203)
[ view plain ]
| 000 -LEADER | |
|---|---|
| fixed length control field | 00354nam a2200133Ia 4500 |
| 008 - FIXED-LENGTH DATA ELEMENTS--GENERAL INFORMATION | |
| fixed length control field | 191201s2019 xx 000 0 und d |
| 082 ## - DEWEY DECIMAL CLASSIFICATION NUMBER | |
| Classification number | 615.19 RAP |
| 100 ## - MAIN ENTRY--PERSONAL NAME | |
| Personal name | RAJE, V.N |
| 245 #0 - TITLE STATEMENT | |
| Title | Pharmaceutical chemistry 1st for 1st year |
| 260 ## - PUBLICATION, DISTRIBUTION, ETC. (IMPRINT) | |
| Name of publisher, distributor, etc | CBS Pub |
| Place of publication, distribution, etc | New Delhi |
| Date of publication, distribution, etc | 2019 |
| 300 ## - PHYSICAL DESCRIPTION | |
| Extent | 163 |
| 650 ## - SUBJECT ADDED ENTRY--TOPICAL TERM | |
| Topical term or geographic name as entry element | Pharmaceutical Inorganic Chemistry |
| 942 ## - ADDED ENTRY ELEMENTS (KOHA) | |
| Source of classification or shelving scheme | Dewey Decimal Classification |
| Koha item type | Text Books |
| Withdrawn status | Lost status | Source of classification or shelving scheme | Damaged status | Not for loan | Collection code | Home library | Current library | Date acquired | Source of acquisition | Cost, normal purchase price | Bill Number | Total Checkouts | Full call number | Acc. no. / Barcode | Date last seen | Date last borrowed | Actual Cost, discounted price | Bill Date | Koha item type |
|---|---|---|---|---|---|---|---|---|---|---|---|---|---|---|---|---|---|---|---|
| Dewey Decimal Classification | Diploma in Pharmacy | PIET C-LIBRARY | PIET C-LIBRARY | 25/03/2019 | Kirti Prakashan | 220.00 | IN 3049 | 17 | 615.19 RAP | DP33 | 18/06/2025 | 03/06/2025 | 141.90 | 08/03/2019 | Text Books | ||||
| Dewey Decimal Classification | Diploma in Pharmacy | PIET C-LIBRARY | PIET C-LIBRARY | 25/03/2019 | Kirti Prakashan | 220.00 | IN 3049 | 615.19 RAP | DP34 | 04/12/2019 | 141.90 | 08/03/2019 | Text Books | ||||||
| Dewey Decimal Classification | Diploma in Pharmacy | PIET C-LIBRARY | PIET C-LIBRARY | 25/03/2019 | Kirti Prakashan | 220.00 | IN 3049 | 615.19 RAP | DP35 | 04/12/2019 | 141.90 | 08/03/2019 | Reference Books | ||||||
| Dewey Decimal Classification | Diploma in Pharmacy | PIET C-LIBRARY | PIET C-LIBRARY | 25/03/2019 | Kirti Prakashan | 220.00 | IN 3049 | 14 | 615.19 RAP | DP36 | 30/05/2026 | 14/05/2026 | 141.90 | 08/03/2019 | Text Books |